Normal view
MARC view
- اللغة العربية-اللغة-طرق تدريس اللغة العربية والتربية الدينية-تعليم-تربية اسلامية
Entry Topical Term
001 - CONTROL NUMBER
- control field: 14463
003 - CONTROL NUMBER IDENTIFIER
- control field: JO-AjAnu
005 - DATE AND TIME OF LATEST TRANSACTION
- control field: 20230606072617.0
008 - FIXED-LENGTH DATA ELEMENTS
- fixed length control field: 230606|| aca||aabn | a|a d
040 ## - CATALOGING SOURCE
- Original cataloging agency: JO-AjAnu
- Transcribing agency: JO-AjAnu
150 ## - HEADING--TOPICAL TERM
- Topical term or geographic name entry element: اللغة العربية-اللغة-طرق تدريس اللغة العربية والتربية الدينية-تعليم-تربية اسلامية
670 ## - SOURCE DATA FOUND
- Source citation: Work cat.: (JO-AjAnu)7430: تاليف محمد عطا، ابراهيم, author 14462, طرق تدريس اللغة العربية والتربية الدينية